Missing Word: Lord of the Rings Cast Quiz Stats

 Plays Quiz Updated Oct 4, 2015

Challenge
Share
Tweet
Embed
Score 0/20 Timer 04:00
0 Plays Today
Hint Answer % Correct
Ian MckellenCode
98.6%
Orlando BloomDead
97.9%
Cate BlanchettBenjamin
97.4%
Cate BlanchettIndiana
97.2%
Cate BlanchettDragon
96.8%
Orlando BloomHawk
94.3%
Elijah WoodFinn
90.4%
Ian MckellenGolden
90.2%
Elijah WoodCity
86.5%
Ian MckellenDegrees
86.4%
Hint Answer % Correct
Orlando BloomHobbit
83.4%
Elijah WoodHappy
82.9%
Cate BlanchettMen
82.9%
Elijah WoodSpotless
77.4%
Cate BlanchettTalented
75.9%
Ian MckellenStand
73.9%
Elijah WoodDeep
67.3%
Orlando BloomHeaven
61.3%
Orlando BloomMusketeers
57.4%
Ian MckellenMonsters
43.6%

Today's Daily Dose

You're not logged in!

Compare scores with friends on all Sporcle quizzes.
Join for Free
OR
Log In

You Might Also Like...

Show Comments

Extras

Top Quizzes Today


Score Distribution

Your Account Isn't Verified!

In order to create a playlist on Sporcle, you need to verify the email address you used during registration. Go to your Sporcle Settings to finish the process.

Report this User

Report this user for behavior that violates our Community Guidelines.

Details: